000 00420nam a2200157 i 4500
001 97227
003 ES-MaACL
005 20230906182049.0
007 t|
008 050708s1959 sp ||||1| spa d
100 1 _aManzano, Rafael.
_976222
245 1 0 _aJuan XXIII
_b: pastor y nauta /
_cRafael Manzano.
260 _aBarcelona :
_bCedro,
_c1959.
300 _a160 p. ;
_c17 cm.
852 _aES-MaACL
_jC-18106
_bR.45733
999 _c97227
_d97227